000 00704nam a2200217Ia 4500
003 GCL
008 140319s9999 xx 000 0 ara d
040 _aGCL /
_cGCL
082 0 4 _a819.2
_bس ن
100 1 _aسيد عطية ابوالنجا (مراجع)
245 1 0 _aمختارات مبوبة من نهج البلاغة /
_cسيد عطية ابوالنجا (مراجع)
260 _a[S.N] :
_bدار الكتب الاسلامية ،
_c1986
300 _a731 ص
490 _a
650 0 4 _aالادب العربى
650 0 4 _aالنثر العربى
650 0 4 _aاللغة العربية
650 0 4 _aالبلاغة العربية
650 0 4 _aتاريخ ونقد
942 _2ddc
_cBK
999 _c55754
_d55754